50 plus gros transfert de l'OL (Départs) - Statistiques

Statistiques générales
  • Ce quiz a été pris 242 fois
  • Le résultat moyen est 21 sur 50
Statistiques - réponses
Montant Réponses Club acheteur % Correct
53M Lacazette Arsenal
99%
60M Ndombélé Tottenham
96%
35 Benzema Réal Madrid
94%
41,5 Tolisso Bayern Munich
93%
48M Mendy Réal Madrid
92%
42,95 Paqueta West Ham
92%
19,75 Fekir Réal Betis
84%
42,1 Guimaraes Newcastle
83%
25 Tousart Herta Berlin
78%
25 Umtiti FC Barcelone
73%
12,6 Lloris Tottenham
65%
38 Essien Chelsea
63%
15 Cornet Burnley
56%
7 Gouiri OGC Nice
54%
20 Guebbels AS Monaco
53%
17,5 Andersen Crystal Palace
52%
21,5 Diaz Réal Madrid
50%
18,4 Traoré Aston Villa
48%
12 Ben Arfa Marseille
47%
8 Darder Espanyol Barcelone
46%
12 Terrier Rennes
46%
7,2 Lopez Al-Gharafa
42%
16 Mammana Zenit Saint-Petersbourg
41%
15 Diakhaby Valence CF
40%
19 Malouda Chelsea
40%
15 Abidal FC Barcelone
39%
10 Lovren Southampton
38%
26 Diarra Réal Madrid
37%
7,4 Diarra Bordeaux
37%
11 Pjanic AS Roma
36%
11 Toulalan Malaga
33%
14,1 N'Jie Tottenham
26%
7 Shaqiri Chicago
26%
8 Mateta Mayence
20%
13 Mendes Juventus
18%
6 Cissokho FC Valence
17%
6,2 Makoun Aston Villa
17%
7,5 Guily AS Monaco
16%
10 Maolida OGC Nice
15%
6,6 Malbranque Fulham
14%
11 Lucas AS Monaco
13%
8 Edmilson FC Barcelone
12%
7,5 Keita Galatasaray
11%
8 Nilmar Corinthians
11%
8 Rémy OGC Nice
11%
10 Luyindula Marseille
10%
17,6 Marlet Fulham
6%
6,5 Squillaci FC Séville
6%
5,5 Baros Galatasaray
4%
7 Maurice PSG
2%
Aucun quiz correspondant
Distribution des résultats
% des personnes avec chaque résultat
Percentile par nombre de réponses
Votre historique - résultats
Vous n’avez pas pris ce quiz